000 00347 a2200157 4500
001 59261
020 _a8576780305
040 _cAnchieta - Pituba
100 _aSantos, Sandra Maria de Oliveira
240 1 0 _aQuímica e sociedade
_lpor
245 1 0 _aQuímica e sociedade
300 _a742
362 0 _a2005
650 4 _aQuímica
942 _cBK
999 _c59261
_d59261